| 000 | 00450pam a2200157 a 4500 | ||
|---|---|---|---|
| 020 |
_a0-7548-1009-7 _c |
||
| 041 | _h | ||
| 100 |
_aANGELA NILSON. _eAuthor |
||
| 245 |
_aCOMPLETE CAKE DECORATING : TECHNIQUES,BASIC RECIPES AND BEAUTIFUL CAKES PROJECTS FOR ALL OCCASION. _cANGELA NILSON. _hTextual Documents |
||
| 250 | _a1st | ||
| 260 |
_alondon _banness Pub |
||
| 300 | _a160 | ||
| 653 | _afood Producation | ||
| 700 | _eCo-Author | ||
| 930 | _a836 | ||
| 999 |
_c228237 _d228237 |
||